00484 2200181 4500001002100000005001700021035002400038040001200062082001100074084001500085100001500100245009700115260002800212300002100240650001700261850001200278990001200290YOGYA00000000009806620170222105432.0 0010-081400000097783 aYOPDYOG a899.23 aK 899.23 H aM. Masters aHawkeye Collins & Amy Adams dalam kasus Misteri rumah hantu & kasus-kasus lain /cM. Masters aJakartabGramediac1989 a112 hlm.c20 cm. aKarya sastra aYOPDYOG a11560-B